COUNSELING :A COMPREHENSIVE PROFESSION (Record no. 20807)

MARC details
000 -LEADER
fixed length control field 00351nam a22001577a 4500
003 - CONTROL NUMBER IDENTIFIER
control field SGT
020 ## - INTERNATIONAL STANDARD BOOK NUMBER
International Standard Book Number 9789353061807
082 ## - DEWEY DECIMAL CLASSIFICATION NUMBER
Classification number 158.3,GLA
100 ## - MAIN ENTRY--PERSONAL NAME
Personal name GLADDING SAMUL.T.
245 ## - TITLE STATEMENT
Title COUNSELING :A COMPREHENSIVE PROFESSION
250 ## - EDITION STATEMENT
Edition statement 8TH
260 ## - PUBLICATION, DISTRIBUTION, ETC. (IMPRINT)
Place of publication, distribution, etc NOIDA
Name of publisher, distributor, etc PEARSON
Year of Publication 2019
300 ## - PAGE DESCRIPTION
No. of Pages 744
650 ## - SUBJECT ADDED ENTRY--TOPICAL TERM
Topical term or geographic name as entry element PSYCHOLOGY
942 ## - ADDED ENTRY ELEMENTS (KOHA)
Source of classification or shelving scheme Dewey Decimal Classification
Koha item type Books
942 ## - ADDED ENTRY ELEMENTS (KOHA)
-- 40
Holdings
Withdrawn status Lost status Source of classification or shelving scheme Damaged status Not for loan Collection code Home library Current library Shelving location Date acquired Vendor Name Cost, normal purchase price SGTU Total Checkouts Total Renewals Full call number Accession No. (Barcode) Date last seen Date last borrowed Bill Date Koha item type
    Dewey Decimal Classification     ENGINEERING SGT Engineering Library SGT Engineering Library Text Book 20/02/2021 AHUJA BOOK COMPANY 579.00 SGTU 31 2 158.3,GLA FE8094 24/09/2025 11/09/2025   Books
    Dewey Decimal Classification     ENGINEERING SGT Engineering Library SGT Engineering Library Text Book 20/02/2021 AHUJA BOOK COMPANY 579.00 SGTU 26 3 158.3,GLA FE8095 16/12/2025 12/11/2025   Books